Estudios literarios dedicados al profesor Mariano Baquero Goyanes

Kaydedildi:
Detaylı Bibliyografya
Materyal Türü: Kitap
Dil:İspanyolca
Baskı/Yayın Bilgisi: Murcia Universidad de Murcia 1974
Konular:
Etiketler: Etiketle
Etiket eklenmemiş, İlk siz ekleyin!

MARC

LEADER 00000nam a2200000 a 4500
001 UCX6070
003 CL-VaPUC
008 930412e19740000SP |||||||||||||||||spa|d
082 0 4 |a 860.9  |b EST  |2 21 
245 1 0 |a Estudios literarios dedicados al profesor Mariano Baquero Goyanes 
300 |a 668 p 
942 |c BK 
945 |d 19930412 00:00:00 
260 |a Murcia  |b Universidad de Murcia  |c 1974 
650 7 |a LITERATURA ESPAÑOLA HISTORIA Y CRITICA  |2 CL-VaPUC  |9 319275 
583 |a last modification  |c 19930412 00:00:00  |k Rodrigo Vera 
999 |c 226169  |d 226167 
952 |0 0  |1 0  |4 0  |6 860_900000000000000_EST_1974  |7 0  |8 A  |9 224330  |a BIBEDU  |b BIBEDU  |d 2019-11-15  |i 2930897  |o 860.9 EST 1974  |p 2930897  |r 2019-11-15  |w 2019-11-15  |y BK  |k LIT